[Event "Richmond Keres Memorial 42nd"]
[Site "Richmond"]
[Date "2017.05.20"]
[Round "1"]
[White "Tang, Edward"]
[Black "Kaufman, Raymond"]
[Result "1/2-1/2"]
[WhiteElo "2046"]
[BlackElo "2292"]
[PlyCount "64"]
[EventDate "2017.05.20"]
[EventType "swiss"]
[EventRounds "6"]
[EventCountry "CAN"]
[SourceTitle "CBM 178 Extra"]
[Source "ChessBase"]
[SourceDate "2017.06.22"]
[SourceVersion "1"]
[SourceVersionDate "2017.06.22"]
[SourceQuality "1"]

1. e4 e5 2. Nf3 Nc6 3. Bb5 g6 4. c3 Nge7 5. d4 exd4 6. cxd4 d5 7. exd5 Nxd5 8. 0-0 Bg7 9. Re1+ Be6 10. Ng5 0-0 11. Bxc6 bxc6 12. Nxe6 fxe6 13. Qg4 Qf6 14. Re2 Qxd4 15. Qxe6+ Kh8 16. Nc3 Nxc3 17. bxc3 Qd1+ 18. Re1 Qc2 19. Be3 Qxc3 20. Rac1 Qb2 21. Qb3 Qxb3 22. axb3 Rfb8 23. Rxc6 Rxb3 24. Rxc7 a5 25. Rec1 h5 26. g3 a4 27. Rc8+ Rxc8 28. Rxc8+ Kh7 29. Ra8 a3 30. Ra7 Kg8 31. Ra8+ Kf7 32. Ra7+ Kg8 1/2-1/2

[Event "Richmond Keres Memorial 39th"]
[Site "Richmond"]
[Date "2014.05.19"]
[Round "5.3"]
[White "Piasetski, Leon David"]
[Black "Tang, Edward"]
[Result "1-0"]
[WhiteElo "2295"]
[BlackElo "2164"]
[PlyCount "69"]
[EventDate "2014.05.17"]
[EventType "swiss"]
[EventRounds "6"]
[EventCountry "CAN"]
[SourceTitle "EXT 2022"]
[Source "ChessBase"]
[SourceDate "2021.10.06"]
[SourceVersion "1"]
[SourceVersionDate "2021.10.06"]
[SourceQuality "1"]

1. Nf3 Nf6 2. c4 b6 3. g3 e6 4. Bg2 Bb7 5. 0-0 Be7 6. d4 0-0 7. d5 exd5 8. Nh4 c6 9. cxd5 Nxd5 10. Nf5 Nc7 11. e4 Ne6 12. Be3 c5 13. Nc3 Kh8 14. Nd5 Nc6 15. f4 Ned4 16. Bxd4 cxd4 17. Ndxe7 Nxe7 18. Nd6 Ba6 19. Rf2 Nc6 20. Qa4 Bc8 21. Qc4 Qe7 22. Qd5 Qe6 23. e5 Qxd5 24. Bxd5 Kg8 25. b4 Rb8 26. a3 Ne7 27. Bb3 Bb7 28. Rd2 Bc6 29. b5 Bd5 30. Bxd5 Nxd5 31. Rc1 f6 32. Rxd4 Ne7 33. exf6 Rxf6 34. Rc7 Rd8 35. Nb7 1-0

[Event "Richmond Keres Memorial 39th"]
[Site "Richmond"]
[Date "2014.05.19"]
[Round "6.6"]
[White "Tang, Edward"]
[Black "Jiganchine, Roman"]
[Result "1/2-1/2"]
[WhiteElo "2164"]
[BlackElo "2212"]
[PlyCount "78"]
[EventDate "2014.05.17"]
[EventType "swiss"]
[EventRounds "6"]
[EventCountry "CAN"]
[SourceTitle "EXT 2022"]
[Source "ChessBase"]
[SourceDate "2021.10.06"]
[SourceVersion "1"]
[SourceVersionDate "2021.10.06"]
[SourceQuality "1"]

1. d4 d5 2. c4 dxc4 3. Nf3 Nf6 4. e3 e6 5. Bxc4 c5 6. 0-0 a6 7. Bb3 cxd4 8. exd4 Nc6 9. Nc3 Be7 10. Re1 0-0 11. a3 Na5 12. Ba2 b5 13. Qd3 Bb7 14. Bg5 g6 15. Rad1 Nc4 16. Bc1 Rc8 17. Bb3 Qc7 18. Qe2 Rfd8 19. Bg5 Nh5 20. Bh6 Bf8 21. Bxf8 Nf4 22. Qc2 Rxf8 23. Ne4 Na5 24. Qxc7 Rxc7 25. Ba2 Rc2 26. Rd2 Rxd2 27. Nexd2 Nd3 28. Rb1 Rd8 29. b4 Bxf3 30. bxa5 Bd5 31. Bxd5 Rxd5 32. Nb3 e5 33. dxe5 Nxe5 34. f4 Nc4 35. Ra1 Rd3 36. Nc5 Rxa3 37. Rxa3 Nxa3 38. Nxa6 Nc4 39. Nc7 Nxa5 1/2-1/2

[Event "Richmond Keres Memorial 38th"]
[Site "Richmond"]
[Date "2013.05.19"]
[Round "3"]
[White "Tang, Edward"]
[Black "Kaufman, Raymond"]
[Result "0-1"]
[WhiteElo "2175"]
[BlackElo "2323"]
[PlyCount "42"]
[EventDate "2013.05.18"]
[EventType "swiss"]
[EventRounds "6"]
[EventCountry "CAN"]
[SourceTitle "CBM 154 Extra"]
[Source "ChessBase"]
[SourceDate "2013.06.25"]
[SourceVersion "2"]
[SourceVersionDate "2013.06.25"]
[SourceQuality "1"]

1. d4 Nf6 2. c4 e6 3. Nc3 c5 4. d5 exd5 5. cxd5 d6 6. e4 g6 7. f4 Bg7 8. Bb5+ Nfd7 9. a4 0-0 10. Nf3 Re8 11. 0-0 Na6 12. e5 dxe5 13. fxe5 Nxe5 14. Bxe8 Qxe8 15. Nxe5 Bxe5 16. Kh1 Nb4 17. Bh6 Bf5 18. Rxf5 gxf5 19. Qh5 f6 20. Qxf5 Qg6 21. Qh3 Nd3 0-1

[Event "Canadian op"]
[Site "Edmonton"]
[Date "2009.07.16"]
[Round "6.20"]
[White "Tang, Edward"]
[Black "Davies, Noam"]
[Result "1-0"]
[WhiteElo "2053"]
[BlackElo "2244"]
[PlyCount "91"]
[EventDate "2009.07.11"]
[EventType "swiss"]
[EventRounds "9"]
[EventCountry "CAN"]
[SourceTitle "EXT 2022"]
[Source "ChessBase"]
[SourceDate "2021.10.06"]
[SourceVersion "1"]
[SourceVersionDate "2021.10.06"]
[SourceQuality "1"]

1. d4 Nf6 2. c4 g6 3. Nc3 Bg7 4. e4 d6 5. Nf3 0-0 6. Be2 e5 7. 0-0 Nc6 8. d5 Ne7 9. b4 Nh5 10. Re1 f5 11. Ng5 Nf6 12. f3 Nh5 13. c5 Nf4 14. Bxf4 exf4 15. Qb3 Kh8 16. Rad1 Nxd5 17. Nxd5 Qxg5 18. Nxc7 fxe4 19. fxe4 Bg4 20. Bxg4 Qxg4 21. Qf3 Qxf3 22. gxf3 dxc5 23. Nxa8 Rxa8 24. bxc5 Bf8 25. Rd5 Rc8 26. Rc1 b6 27. c6 Bc5+ 28. Rdxc5 bxc5 29. Rxc5 Rc7 30. Kg2 Kg7 31. Kh3 h5 32. Kh4 Kf6 33. a3 a6 34. a4 a5 35. Kh3 Ke6 36. e5 Kf5 37. Kg2 g5 38. h3 Ke6 39. Kf2 Kf5 40. Ke2 Ke6 41. Kd3 Kf5 42. Kd4 g4 43. fxg4+ hxg4 44. hxg4+ Kxg4 45. Kd5 f3 46. e6 1-0

[Event "Canadian op"]
[Site "Edmonton"]
[Date "2009.07.12"]
[Round "2"]
[White "Smith, Maurice"]
[Black "Tang, Edward"]
[Result "1/2-1/2"]
[WhiteElo "1635"]
[BlackElo "1999"]
[PlyCount "90"]
[EventDate "2009.07.11"]
[EventType "swiss"]
[EventRounds "9"]
[EventCountry "CAN"]
[SourceTitle "CBM 132 Extra"]
[Source "ChessBase"]
[SourceDate "2009.11.03"]
[SourceVersion "1"]
[SourceVersionDate "2009.11.03"]
[SourceQuality "1"]

1. e4 e5 2. Nf3 Nc6 3. Bb5 a6 4. Ba4 Nf6 5. 0-0 Be7 6. Re1 b5 7. Bb3 d6 8. c3 0-0 9. h3 Bb7 10. Bc2 Re8 11. d4 h6 12. Nbd2 Bf8 13. d5 Nb8 14. Nf1 Nbd7 15. Ng3 c6 16. dxc6 Bxc6 17. Be3 d5 18. exd5 Nxd5 19. Qd3 N7f6 20. Ne4 Qc7 21. Nxf6+ Nxf6 22. Qe2 Qb7 23. Rad1 g6 24. Nh4 Bg7 25. Bb3 Kh7 26. Bc2 Rac8 27. Bb1 Nd5 28. Bc1 e4 29. Qc2 f5 30. g3 Re5 31. Ng2 Rce8 32. Ne3 Nf6 33. Rd2 f4 34. Nf1 Qc8 35. Kh2 Rh5 36. h4 Qg4 37. Rd6 Rxh4+ 38. gxh4 Qxh4+ 39. Kg1 Re5 40. Bxf4 Rh5 41. Ng3 Qh2+ 42. Kf1 Bd5 43. Rxd5 Rxd5 44. Be3 Qh3+ 45. Kg1 h5 1/2-1/2

[Event "Canadian op"]
[Site "Edmonton"]
[Date "2009.07.11"]
[Round "1.67"]
[White "Tang, Edward"]
[Black "Nolan, Pat"]
[Result "1/2-1/2"]
[WhiteElo "2053"]
[BlackElo "1529"]
[PlyCount "50"]
[EventDate "2009.07.11"]
[EventType "swiss"]
[EventRounds "9"]
[EventCountry "CAN"]
[SourceTitle "EXT 2022"]
[Source "ChessBase"]
[SourceDate "2021.10.06"]
[SourceVersion "1"]
[SourceVersionDate "2021.10.06"]
[SourceQuality "1"]

1. d4 d5 2. c4 e6 3. Nc3 Nf6 4. Bg5 Be7 5. e3 c6 6. Nf3 0-0 7. Bd3 dxc4 8. Bxc4 Nbd7 9. 0-0 h6 10. Bh4 Nb6 11. Bd3 Nfd5 12. Bg3 Bd6 13. Bxd6 Qxd6 14. e4 Nxc3 15. bxc3 Qc7 16. Qe2 c5 17. e5 Nd5 18. Qe4 g6 19. h4 Nxc3 20. Qg4 h5 21. Qf4 Kg7 22. Qf6+ Kg8 23. Qg5 Kg7 24. Qf6+ Kg8 25. Qg5 Kg7 1/2-1/2

[Event "Albert Boxer Classic op"]
[Site "Winnipeg"]
[Date "2008.05.25"]
[Round "4"]
[White "Tang, Edward"]
[Black "Oberton, Daniel"]
[Result "0-1"]
[WhiteElo "1967"]
[BlackElo "1919"]
[PlyCount "54"]
[EventDate "2008.05.23"]
[EventType "swiss"]
[EventRounds "5"]
[EventCountry "CAN"]
[SourceTitle "EXT 2011"]
[Source "ChessBase"]
[SourceDate "2010.11.26"]
[SourceVersion "1"]
[SourceVersionDate "2010.11.26"]
[SourceQuality "1"]

1. d4 Nf6 2. c4 g6 3. Nc3 Bg7 4. e4 d6 5. Nf3 0-0 6. Be2 Nbd7 7. e5 dxe5 8. dxe5 Ng4 9. e6 fxe6 10. Qc2 Nde5 11. Bd2 c6 12. Nxe5 Nxe5 13. 0-0-0 Qc7 14. Ne4 b6 15. h4 c5 16. Bc3 Bb7 17. Ng5 Qc8 18. h5 Rf5 19. f4 Bxg2 20. Rh2 Qc6 21. Rg1 Rxg5 22. fxg5 Be4 23. Qd2 Bf5 24. Qe3 Qa4 25. Bd1 Nd3+ 26. Qxd3 Qxa2 27. Qe3 Rd8 0-1

[Event "Winnipeg TNT February op"]
[Site "Winnipeg"]
[Date "2008.02.26"]
[Round "4"]
[White "Wiebe, Daniel"]
[Black "Tang, Edward"]
[Result "1/2-1/2"]
[WhiteElo "1848"]
[BlackElo "1970"]
[PlyCount "47"]
[EventDate "2008.02.05"]
[EventType "swiss"]
[EventRounds "4"]
[EventCountry "CAN"]
[SourceTitle "EXT 2011"]
[Source "ChessBase"]
[SourceDate "2010.11.26"]
[SourceVersion "1"]
[SourceVersionDate "2010.11.26"]
[SourceQuality "1"]

1. e4 e5 2. Nf3 Nc6 3. Bc4 Bc5 4. Nc3 Nf6 5. d3 h6 6. h3 d6 7. Qe2 Be6 8. g4 Bxc4 9. dxc4 Nd4 10. Nxd4 Bxd4 11. Nd5 c6 12. Nxf6+ Qxf6 13. c3 Bb6 14. Be3 Bxe3 15. Qxe3 Qg5 16. Qxg5 hxg5 17. 0-0-0 Ke7 18. Rd3 Rh6 19. Rhd1 c5 20. b4 b6 21. Kb2 Rf6 22. R1d2 Rh8 23. Re3 Rfh6 24. Rdd3 1/2-1/2

[Event "Winnipeg TNT February op"]
[Site "Winnipeg"]
[Date "2008.02.19"]
[Round "3"]
[White "Tang, Edward"]
[Black "Lipnowski, Samuel"]
[Result "0-1"]
[WhiteElo "1970"]
[BlackElo "2287"]
[PlyCount "77"]
[EventDate "2008.02.05"]
[EventType "swiss"]
[EventRounds "4"]
[EventCountry "CAN"]
[SourceTitle "EXT 2011"]
[Source "ChessBase"]
[SourceDate "2010.11.26"]
[SourceVersion "1"]
[SourceVersionDate "2010.11.26"]
[SourceQuality "1"]

1. d4 d5 2. c4 c6 3. Nf3 Nf6 4. Nc3 dxc4 5. e3 b5 6. a4 b4 7. Nb1 Ba6 8. Be2 e6 9. Ne5 Qd5 10. 0-0 Be7 11. Nd2 c3 12. bxc3 bxc3 13. Ndc4 Bxc4 14. Bxc4 Qa5 15. Qb3 Qb4 16. Bxe6 fxe6 17. Qxe6 Qd6 18. Qf7+ Kd8 19. Qxg7 Rf8 20. Nf7+ Rxf7 21. Qxf7 Qd5 22. Qg7 Nbd7 23. Qh8+ Qg8 24. Qxg8+ Nxg8 25. Ba3 Rb8 26. e4 c5 27. dxc5 Nxc5 28. Rfd1+ Ke8 29. Rac1 Rb3 30. Bxc5 Bxc5 31. a5 Nf6 32. Kf1 Bb4 33. a6 Rb2 34. Rd4 Bc5 35. Rc4 Rxf2+ 36. Ke1 Rxg2 37. R1xc3 Bb6 38. Rb3 Ra2 39. Rxb6 0-1

[Event "Winnipeg TNT September op"]
[Site "Winnipeg"]
[Date "2007.09.25"]
[Round "4"]
[White "Tang, Edward"]
[Black "Rutter, Blair A"]
[Result "1-0"]
[WhiteElo "2057"]
[BlackElo "1848"]
[PlyCount "55"]
[EventDate "2007.09.04"]
[EventType "swiss"]
[EventRounds "4"]
[EventCountry "CAN"]
[SourceTitle "EXT 2022"]
[Source "ChessBase"]
[SourceDate "2021.10.06"]
[SourceVersion "1"]
[SourceVersionDate "2021.10.06"]
[SourceQuality "1"]

1. d4 e6 2. c4 f5 3. g3 Nf6 4. Bg2 Be7 5. Nd2 0-0 6. Qc2 Nc6 7. e3 Rb8 8. Ngf3 b6 9. 0-0 Bb7 10. a3 Qe8 11. b4 Qh5 12. d5 exd5 13. cxd5 Nxd5 14. Qb3 Bf6 15. Qxd5+ Kh8 16. Qa2 Bxa1 17. Qxa1 d6 18. Bb2 Rf7 19. Rc1 Nd8 20. Qa2 c5 21. Qc4 d5 22. Qf4 Rc8 23. Ne5 Re7 24. g4 Qe8 25. gxf5 c4 26. f6 Ne6 27. f7 Qf8 28. Ng6+ 1-0

[Event "Winnipeg TNT September op"]
[Site "Winnipeg"]
[Date "2007.09.18"]
[Round "3"]
[White "Huynh, Peter"]
[Black "Tang, Edward"]
[Result "1/2-1/2"]
[WhiteElo "1691"]
[BlackElo "2057"]
[PlyCount "78"]
[EventDate "2007.09.04"]
[EventType "swiss"]
[EventRounds "4"]
[EventCountry "CAN"]
[SourceTitle "EXT 2022"]
[Source "ChessBase"]
[SourceDate "2021.10.06"]
[SourceVersion "1"]
[SourceVersionDate "2021.10.06"]
[SourceQuality "1"]

1. c4 e6 2. g3 d5 3. Bg2 Nf6 4. Nf3 Be7 5. 0-0 0-0 6. b3 b6 7. Bb2 Bb7 8. d3 c5 9. Nbd2 Nc6 10. Re1 Qc7 11. Rc1 Rad8 12. cxd5 exd5 13. Rc2 Nb4 14. Rc1 d4 15. a3 Nc6 16. Rc2 Ng4 17. Qa1 Qb8 18. h3 Nge5 19. Nxe5 Nxe5 20. f4 Bxg2 21. Kxg2 Ng6 22. Rf1 h5 23. Qe1 Bd6 24. Nc4 h4 25. Nxd6 Rxd6 26. Bc1 Qb7+ 27. Kh2 f5 28. gxh4 Re8 29. h5 Ne7 30. Qg3 Nd5 31. e3 dxe3 32. Re2 Qf7 33. Rg1 Re7 34. Qg5 Nc3 35. Rxe3 Rxe3 36. Bxe3 Rxd3 37. h6 Rxe3 38. Qd8+ Re8 39. Rxg7+ Qxg7 1/2-1/2

[Event "Winnipeg TNT September op"]
[Site "Winnipeg"]
[Date "2007.09.04"]
[Round "1"]
[White "Green, Jim"]
[Black "Tang, Edward"]
[Result "1-0"]
[WhiteElo "1753"]
[BlackElo "2057"]
[PlyCount "149"]
[EventDate "2007.09.04"]
[EventType "swiss"]
[EventRounds "4"]
[EventCountry "CAN"]
[SourceTitle "EXT 2022"]
[Source "ChessBase"]
[SourceDate "2021.10.06"]
[SourceVersion "1"]
[SourceVersionDate "2021.10.06"]
[SourceQuality "1"]

1. e4 c5 2. Nf3 d6 3. Bb5+ Nc6 4. 0-0 Nf6 5. Re1 e6 6. d4 cxd4 7. Nxd4 Qc7 8. Nc3 Be7 9. f4 0-0 10. Be3 Rd8 11. Qf3 Nxd4 12. Bxd4 e5 13. Be3 exf4 14. Bxf4 a6 15. Bd3 Qb6+ 16. Kh1 Be6 17. Nd5 Bxd5 18. exd5 Re8 19. b3 Qa5 20. c4 Qd8 21. Re2 Bf8 22. Rae1 Qa5 23. Rxe8 Rxe8 24. Rxe8 Nxe8 25. Bxh7+ Kxh7 26. Qe4+ Kg8 27. Qxe8 Qxa2 28. h3 Qa1+ 29. Kh2 Qf6 30. Bg3 Qe7 31. Qb8 f5 32. c5 dxc5 33. d6 Qe6 34. Qc7 Bxd6 35. Qxd6 Qxb3 36. Qxc5 Qe6 37. Qd6 Kf7 38. Qc7+ Qe7 39. Qb6 Qe4 40. Bd6 Kg8 41. Qd8+ Kf7 42. Qd7+ Kg6 43. Qd8 Kh7 44. h4 Qg4 45. Qe7 b5 46. Qe5 Qxh4+ 47. Kg1 Qg4 48. Kf2 Qh4+ 49. Ke3 Qe1+ 50. Kf3 Qf1+ 51. Kg3 Qd3+ 52. Kf2 a5 53. Bf8 Qd7 54. Bxg7 b4 55. Bf8 Qa7+ 56. Kg3 Qf7 57. Bd6 b3 58. Kf4 Kg6 59. Ba3 Qc4+ 60. Ke3 a4 61. Qe8+ Kh7 62. Qh5+ Kg7 63. Bb2+ Kf8 64. Qxf5+ Ke8 65. Qe4+ Qxe4+ 66. Kxe4 Ke7 67. g4 Ke6 68. g5 Kf7 69. Kf5 Kg8 70. g6 Kf8 71. Kf6 a3 72. Bxa3+ Kg8 73. g7 Kh7 74. Kf7 b2 75. g8Q+ 1-0

[Event "Winnipeg Yanofsky Memorial"]
[Site "Winnipeg"]
[Date "2007.09.02"]
[Round "5"]
[White "Kaptsan, Aron"]
[Black "Tang, Edward"]
[Result "1-0"]
[WhiteElo "2030"]
[BlackElo "2057"]
[PlyCount "71"]
[EventDate "2007.08.31"]
[EventType "swiss"]
[EventRounds "5"]
[EventCountry "CAN"]
[SourceTitle "EXT 2022"]
[Source "ChessBase"]
[SourceDate "2021.10.06"]
[SourceVersion "1"]
[SourceVersionDate "2021.10.06"]
[SourceQuality "1"]

1. e4 e5 2. Bc4 Nf6 3. Qe2 Nc6 4. c3 Be7 5. d3 0-0 6. Bb3 Re8 7. Nd2 Bf8 8. Nf1 d5 9. h3 Na5 10. Bc2 c5 11. g4 g6 12. Ng3 c4 13. dxc4 Nxe4 14. Nxe4 dxe4 15. Bxe4 Be6 16. b3 f5 17. gxf5 gxf5 18. Bg2 e4 19. Bd2 Qe7 20. Qe3 Bg7 21. Ne2 Rad8 22. Nd4 Rxd4 23. cxd4 Nxc4 24. bxc4 Bxc4 25. Bf1 Bd5 26. Rg1 Kh8 27. Bb5 Rf8 28. f4 Bf6 29. Kf1 Rd8 30. a4 Bf7 31. Bc3 Rc8 32. Kg2 Bh5 33. Rge1 Bf3+ 34. Kh2 Qg7 35. Rg1 Qh6 36. Rac1 1-0

[Event "Winnipeg Yanofsky Memorial"]
[Site "Winnipeg"]
[Date "2007.09.01"]
[Round "2"]
[White "Tang, Edward"]
[Black "Van Wyk, Joseph"]
[Result "1-0"]
[WhiteElo "2057"]
[BlackElo "1913"]
[PlyCount "35"]
[EventDate "2007.08.31"]
[EventType "swiss"]
[EventRounds "5"]
[EventCountry "CAN"]
[SourceTitle "EXT 2022"]
[Source "ChessBase"]
[SourceDate "2021.10.06"]
[SourceVersion "1"]
[SourceVersionDate "2021.10.06"]
[SourceQuality "1"]

1. e4 c6 2. d4 d5 3. exd5 cxd5 4. c4 e6 5. Nc3 Nf6 6. Nf3 Nc6 7. a3 a6 8. Bd3 g6 9. 0-0 Bg7 10. cxd5 Nxd5 11. Bg5 Qb6 12. Be4 Qxb2 13. Na4 Qb5 14. Bxd5 exd5 15. Rb1 Qa5 16. Nb6 Rb8 17. Bf4 0-0 18. Rb3 1-0

[Event "Winnipeg Yanofsky Memorial"]
[Site "Winnipeg"]
[Date "2007.08.31"]
[Round "1"]
[White "Thompson, Brian"]
[Black "Tang, Edward"]
[Result "1/2-1/2"]
[WhiteElo "1892"]
[BlackElo "2057"]
[PlyCount "119"]
[EventDate "2007.08.31"]
[EventType "swiss"]
[EventRounds "5"]
[EventCountry "CAN"]
[SourceTitle "EXT 2022"]
[Source "ChessBase"]
[SourceDate "2021.10.06"]
[SourceVersion "1"]
[SourceVersionDate "2021.10.06"]
[SourceQuality "1"]

1. e4 e5 2. Nf3 Nc6 3. d4 exd4 4. Bc4 Nf6 5. 0-0 Nxe4 6. Re1 d5 7. Bxd5 Qxd5 8. Nc3 Qd8 9. Rxe4+ Be6 10. Nxd4 Nxd4 11. Rxd4 Qc8 12. Bf4 Bc5 13. Re4 0-0 14. Qf3 c6 15. Qg3 Re8 16. Bh6 Bf8 17. Rae1 Qd7 18. R4e3 Bf5 19. Rd1 Rxe3 20. Bxe3 Qe6 21. Qc7 Qe7 22. Qxe7 Bxe7 23. Re1 b5 24. Ne2 Kf8 25. Nd4 Bd7 26. c4 b4 27. b3 a5 28. f3 a4 29. Ne2 axb3 30. axb3 Ra3 31. Rb1 Bf5 32. Rb2 c5 33. g4 Bd3 34. Kf2 g5 35. Nc1 Bg6 36. Ke2 Ra5 37. Kd2 Ke8 38. Ra2 Rxa2+ 39. Nxa2 Kd7 40. Nc1 Kc6 41. Nd3 f6 42. Bf2 h5 43. h3 Bd6 44. Be3 Bf7 45. Nf2 Bg6 46. Ne4 Be7 47. Ng3 h4 48. Ne4 Bf7 49. f4 gxf4 50. Bxf4 Bg6 51. Ke3 f5 52. gxf5 Bxf5 53. Bg5 Bxg5+ 54. Nxg5 Bc2 55. Nf3 Bxb3 56. Kd3 Bd1 57. Nxh4 Kb6 58. Nf5 Bh5 59. Ne7 Ka5 60. Kc2 1/2-1/2

[Event "Winnipeg TNT Aug op"]
[Site "Winnipeg"]
[Date "2007.08.28"]
[Round "4"]
[White "Babb, Jeff"]
[Black "Tang, Edward"]
[Result "1-0"]
[WhiteElo "2167"]
[BlackElo "2059"]
[PlyCount "93"]
[EventDate "2007.08.07"]
[EventType "swiss"]
[EventRounds "4"]
[EventCountry "CAN"]
[SourceTitle "EXT 2019"]
[Source "ChessBase"]
[SourceDate "2018.10.10"]
[SourceVersion "1"]
[SourceVersionDate "2018.10.10"]
[SourceQuality "1"]

1. d4 Nf6 2. c4 e6 3. g3 d5 4. Bg2 Be7 5. Nf3 0-0 6. 0-0 dxc4 7. Qc2 a6 8. Qxc4 b5 9. Qc2 Bb7 10. Bf4 Bd6 11. Bg5 Nbd7 12. Nbd2 h6 13. Bxf6 Nxf6 14. Nb3 Be4 15. Qd2 Qe7 16. Qe3 Rfc8 17. Nc5 Bxc5 18. dxc5 Rd8 19. Rac1 Rd5 20. a3 Rad8 21. h3 c6 22. b4 Qc7 23. Ra1 a5 24. Rfc1 a4 25. Ne1 Bxg2 26. Kxg2 Qe5 27. Qxe5 Rxe5 28. Ra2 g5 29. Nf3 Red5 30. Raa1 e5 31. e3 e4 32. Nd4 Rc8 33. Rd1 Rc7 34. Rd2 Nd7 35. Nxb5 Rxd2 36. Nxc7 Ne5 37. Ne8 f5 38. Nd6 Nd3 39. Rf1 Ra2 40. Nxf5 Kf7 41. Nd6+ Ke6 42. Nxe4 Rxa3 43. Rd1 Nxb4 44. Rd6+ Ke5 45. Nd2 Rd3 46. Nc4+ Ke4 47. f3+ 1-0

[Event "Albert Boxer Classic op"]
[Site "Winnipeg"]
[Date "2007.05.13"]
[Round "5"]
[White "Wiebe, Daniel"]
[Black "Tang, Edward"]
[Result "0-1"]
[WhiteElo "1664"]
[BlackElo "2087"]
[PlyCount "21"]
[EventDate "2007.05.11"]
[EventType "swiss"]
[EventRounds "5"]
[EventCountry "CAN"]
[SourceTitle "EXT 2019"]
[Source "ChessBase"]
[SourceDate "2018.10.10"]
[SourceVersion "1"]
[SourceVersionDate "2018.10.10"]
[SourceQuality "1"]

1. e4 e5 2. Nf3 Nc6 3. Bc4 d6 4. Nc3 Be6 5. Bxe6 fxe6 6. d3 Be7 7. Be3 Nf6 8. Qd2 d5 9. h3 d4 10. Bg5 dxc3 11. Qxc3 0-1

[Event "Albert Boxer Classic op"]
[Site "Winnipeg"]
[Date "2007.05.11"]
[Round "1"]
[White "Tang, Edward"]
[Black "Liu, Weixi"]
[Result "0-1"]
[WhiteElo "2087"]
[BlackElo "1654"]
[PlyCount "77"]
[EventDate "2007.05.11"]
[EventType "swiss"]
[EventRounds "5"]
[EventCountry "CAN"]
[SourceTitle "EXT 2019"]
[Source "ChessBase"]
[SourceDate "2018.10.10"]
[SourceVersion "1"]
[SourceVersionDate "2018.10.10"]
[SourceQuality "1"]

1. d4 d5 2. c4 c6 3. cxd5 cxd5 4. Nc3 Nf6 5. Nf3 e6 6. Bf4 Bb4 7. Qa4+ Nc6 8. Ne5 Bd7 9. Nxc6 Bxc3+ 10. bxc3 Bxc6 11. Qa3 Bb5 12. Rb1 Ba6 13. Qa4+ Qd7 14. Qxd7+ Nxd7 15. e3 Bxf1 16. Rxf1 b6 17. Kd2 0-0 18. f3 Rad8 19. Rb3 f6 20. Rfb1 Ra8 21. Ra3 a6 22. Rab3 Rfc8 23. Bg3 Rc6 24. Ra3 b5 25. Rxb5 Nb6 26. Rb4 a5 27. Rxb6 Rxb6 28. Rb3 Rxb3 29. axb3 a4 30. Kc2 a3 31. Kb1 a2+ 32. Ka1 Kf7 33. e4 Ke7 34. exd5 exd5 35. c4 Ke6 36. Bf2 dxc4 37. bxc4 Ra4 38. c5 Kd5 39. Bg1 0-1

[Event "Albert Boxer Classic op"]
[Site "Winnipeg"]
[Date "2006.05.27"]
[Round "3"]
[White "Proulx, Roy"]
[Black "Tang, Edward"]
[Result "0-1"]
[WhiteElo "1758"]
[BlackElo "2004"]
[PlyCount "41"]
[EventDate "2006.05.26"]
[EventType "swiss"]
[EventRounds "5"]
[EventCountry "CAN"]
[SourceTitle "EXT 2007"]
[Source "ChessBase"]
[SourceDate "2006.11.23"]
[SourceVersion "1"]
[SourceVersionDate "2006.11.23"]
[SourceQuality "1"]

1. e4 e5 2. Nf3 Nf6 3. Nc3 Nc6 4. d4 exd4 5. Nxd4 Bb4 6. Bg5 h6 7. Bxf6 Qxf6 8. Ndb5 Ba5 9. Qd2 a6 10. Na3 b5 11. Nab1 0-0 12. Bd3 d5 13. exd5 Re8+ 14. Kf1 Ne5 15. Qe2 Bg4 16. Qe4 Nxd3 17. Qxd3 b4 18. Na4 Be2+ 19. Qxe2 Rxe2 20. Kxe2 Re8+ 21. Kf1 0-1